[Event "DEM U10w 2022"]
[Site "Willingen GER"]
[Date "2022.06.06"]
[Round "4"]
[White "Berger, Jennifer"]
[Black "Klymenko, Mariia"]
[Result "0-1"]
[Termination "normal"]
[Board "10"]
[WhiteElo "1046"]
[BlackElo "871"]
[WhiteClock "01:10:28"]
[BlackClock "00:58:12"]
[PlyCount "68"]
[WhiteFideId "34630074"]
[BlackFideId "34620621"]
[EventCountry "GER"]
[EventRounds "11"]
[EventType "swiss"]
[EventDate "2022.06.04"]

1. e4 {[%clk 01:15:56]} {[%emt 00:00:03]} e5 {[%clk 01:15:54]} {[%emt
00:00:06]} 2. Nf3 {[%clk 01:16:23]} {[%emt 00:00:04]} Nc6 {[%clk 01:16:17]}
{[%emt 00:00:07]} 3. d4 {[%clk 01:16:48]} {[%emt 00:00:05]} exd4 {[%clk
01:16:40]} {[%emt 00:00:06]} 4. Nxd4 {[%clk 01:17:12]} {[%emt 00:00:05]} Nf6
{[%clk 01:17:03]} {[%emt 00:00:09]} 5. Nxc6 {[%clk 01:17:31]} {[%emt 00:00:10]}
bxc6 {[%clk 01:17:26]} {[%emt 00:00:07]} 6. e5 {[%clk 01:17:47]} {[%emt
00:00:15]} Qe7 {[%clk 01:17:50]} {[%emt 00:00:05]} 7. Qe2 {[%clk 01:18:10]}
{[%emt 00:00:08]} Nd5 {[%clk 01:18:12]} {[%emt 00:00:08]} 8. c4 {[%clk
01:18:31]} {[%emt 00:00:09]} Ba6 {[%clk 01:18:35]} {[%emt 00:00:06]} 9. b3
{[%clk 01:18:52]} {[%emt 00:00:10]} g6 {[%clk 01:18:59]} {[%emt 00:00:06]} 10.
g3 {[%clk 01:19:04]} {[%emt 00:00:18]} Bg7 {[%clk 01:17:45]} {[%emt 00:01:43]}
11. f4 {[%clk 01:19:25]} {[%emt 00:00:11]} d6 {[%clk 01:17:45]} {[%emt
00:00:26]} 12. Bb2 {[%clk 01:19:26]} {[%emt 00:00:32]} O-O {[%clk 01:16:30]}
{[%emt 00:01:45]} 13. Nd2 {[%clk 01:19:16]} {[%emt 00:00:39]} Rfe8 {[%clk
01:14:33]} {[%emt 00:02:24]} 14. Nf3 {[%clk 01:18:22]} {[%emt 00:01:27]} f6
{[%clk 01:12:56]} {[%emt 00:02:06]} 15. O-O-O {[%clk 01:17:05]} {[%emt
00:01:48]} fxe5 {[%clk 01:11:49]} {[%emt 00:01:37]} 16. Qd2 {[%clk 01:17:11]}
{[%emt 00:00:25]} Nb6 {[%clk 01:10:17]} {[%emt 00:02:00]} 17. Bd3 {[%clk
01:16:39]} {[%emt 00:01:02]} Rf8 {[%clk 01:07:00]} {[%emt 00:03:36]} 18. Rhe1
{[%clk 01:14:58]} {[%emt 00:02:23]} Rae8 {[%clk 01:06:35]} {[%emt 00:00:50]}
19. Re3 {[%clk 01:14:21]} {[%emt 00:01:11]} Nd7 {[%clk 01:04:33]} {[%emt
00:02:34]} 20. Rde1 {[%clk 01:12:20]} {[%emt 00:02:30]} c5 {[%clk 01:02:42]}
{[%emt 00:02:19]} 21. Qg2 {[%clk 01:12:22]} {[%emt 00:00:30]} Bb7 {[%clk
01:02:24]} {[%emt 00:00:41]} 22. h4 {[%clk 01:11:24]} {[%emt 00:01:35]} Bh6
{[%clk 00:58:00]} {[%emt 00:04:51]} 23. Ng5 {[%clk 01:10:45]} {[%emt 00:01:12]}
Bxg2 {[%clk 00:57:30]} {[%emt 00:00:59]} 24. fxe5 {[%clk 01:08:28]} {[%emt
00:02:45]} dxe5 {[%clk 00:57:00]} {[%emt 00:01:01]} 25. Bxe5 {[%clk 01:08:40]}
{[%emt 00:00:20]} Nxe5 {[%clk 00:57:16]} {[%emt 00:00:13]} 26. Rxe5 {[%clk
01:09:05]} {[%emt 00:00:06]} Qxe5 {[%clk 00:57:22]} {[%emt 00:00:25]} 27. Rxe5
{[%clk 01:09:27]} {[%emt 00:00:07]} Rxe5 {[%clk 00:57:37]} {[%emt 00:00:15]}
28. Kc2 {[%clk 01:08:51]} {[%emt 00:01:07]} Bxg5 {[%clk 00:57:10]} {[%emt
00:00:57]} 29. hxg5 {[%clk 01:09:08]} {[%emt 00:00:12]} Be4 {[%clk 00:57:16]}
{[%emt 00:00:18]} 30. Bxe4 {[%clk 01:09:27]} {[%emt 00:00:16]} Rxe4 {[%clk
00:57:39]} {[%emt 00:00:08]} 31. Kd3 {[%clk 01:09:52]} {[%emt 00:00:05]} Rg4
{[%clk 00:57:58]} {[%emt 00:00:08]} 32. a4 {[%clk 01:10:06]} {[%emt 00:00:19]}
Rxg3+ {[%clk 00:58:12]} {[%emt 00:00:16]} 33. Kc2 {[%clk 01:10:28]} {[%emt
00:00:08]} Rf2+ {[%emt 00:00:16]} 34. Kb1 {[%emt 00:00:14]} Rg1# {[%emt
00:00:09]} 0-1

[Event "DEM U10w 2022"]
[Site "Willingen GER"]
[Date "2022.06.06"]
[Round "4"]
[White "Margaryan, Mari"]
[Black "Weyerer, Elea"]
[Result "0-1"]
[Termination "normal"]
[Board "11"]
[WhiteElo "792"]
[BlackElo "876"]
[WhiteClock "01:14:33"]
[BlackClock "01:03:08"]
[PlyCount "58"]
[WhiteFideId "16279700"]
[BlackFideId "34605770"]
[EventCountry "GER"]
[EventRounds "11"]
[EventType "swiss"]
[EventDate "2022.06.04"]

1. d4 {[%clk 01:15:56]} {[%emt 00:00:03]} d5 {[%clk 01:15:55]} {[%emt
00:00:05]} 2. c4 {[%clk 01:16:20]} {[%emt 00:00:06]} c6 {[%clk 01:16:20]}
{[%emt 00:00:06]} 3. cxd5 {[%clk 01:16:46]} {[%emt 00:00:04]} cxd5 {[%clk
01:16:40]} {[%emt 00:00:10]} 4. Nc3 {[%clk 01:17:14]} {[%emt 00:00:02]} Nf6
{[%clk 01:16:59]} {[%emt 00:00:10]} 5. Nf3 {[%clk 01:17:40]} {[%emt 00:00:05]}
a6 {[%clk 01:17:07]} {[%emt 00:00:22]} 6. Bf4 {[%clk 01:17:46]} {[%emt
00:00:24]} Bf5 {[%clk 01:17:00]} {[%emt 00:00:36]} 7. e3 {[%clk 01:18:06]}
{[%emt 00:00:11]} Nc6 {[%clk 01:17:17]} {[%emt 00:00:12]} 8. Ne5 {[%clk
01:18:24]} {[%emt 00:00:12]} e6 {[%clk 01:16:51]} {[%emt 00:00:56]} 9. Bd3
{[%clk 01:18:05]} {[%emt 00:00:49]} Bg6 {[%clk 01:16:45]} {[%emt 00:00:34]} 10.
h4 {[%clk 01:17:52]} {[%emt 00:00:45]} Bh5 {[%clk 01:15:31]} {[%emt 00:01:44]}
11. g4 {[%clk 01:18:01]} {[%emt 00:00:21]} Bg6 {[%clk 01:15:34]} {[%emt
00:00:26]} 12. h5 {[%clk 01:18:11]} {[%emt 00:00:21]} Bxd3 {[%clk 01:15:55]}
{[%emt 00:00:09]} 13. Qxd3 {[%clk 01:18:34]} {[%emt 00:00:08]} Nxe5 {[%clk
01:16:09]} {[%emt 00:00:14]} 14. dxe5 {[%clk 01:17:47]} {[%emt 00:01:18]} Nxg4
{[%clk 01:16:10]} {[%emt 00:00:29]} 15. Rg1 {[%clk 01:17:52]} {[%emt 00:00:24]}
Nh6 {[%clk 01:16:29]} {[%emt 00:00:12]} 16. Bxh6 {[%clk 01:18:09]} {[%emt
00:00:13]} gxh6 {[%clk 01:16:49]} {[%emt 00:00:09]} 17. O-O-O {[%clk 01:18:13]}
{[%emt 00:00:26]} Rc8 {[%clk 01:16:37]} {[%emt 00:00:41]} 18. Rg4 {[%clk
01:18:26]} {[%emt 00:00:19]} f5 {[%clk 01:15:45]} {[%emt 00:01:22]} 19. Rg3
{[%clk 01:18:14]} {[%emt 00:00:42]} b5 {[%clk 01:15:20]} {[%emt 00:00:55]} 20.
f3 {[%clk 01:17:44]} {[%emt 00:01:00]} Qa5 {[%clk 01:13:32]} {[%emt 00:02:18]}
21. Kb1 {[%clk 01:17:50]} {[%emt 00:00:24]} Bb4 {[%clk 01:09:58]} {[%emt
00:04:04]} 22. Rc1 {[%clk 01:17:54]} {[%emt 00:00:26]} Qc7 {[%clk 01:07:17]}
{[%emt 00:03:09]} 23. e4 {[%clk 01:17:11]} {[%emt 00:01:12]} Qxe5 {[%clk
01:04:40]} {[%emt 00:03:09]} 24. exd5 {[%clk 01:17:07]} {[%emt 00:00:35]} Qxg3
{[%clk 01:04:05]} {[%emt 00:01:05]} 25. dxe6 {[%clk 01:16:47]} {[%emt
00:00:51]} Qd6 {[%clk 01:03:08]} {[%emt 00:01:24]} 26. Qxf5 {[%clk 01:16:10]}
{[%emt 00:01:08]} Rf8 {[%clk 01:02:22]} {[%emt 00:01:17]} 27. Ne4 {[%clk
01:15:03]} {[%emt 00:01:38]} Qd3+ {[%clk 01:02:21]} {[%emt 00:00:30]} 28. Rc2
{[%clk 01:14:31]} {[%emt 00:01:01]} Qxc2+ {[%clk 01:02:43]} {[%emt 00:00:09]}
29. Ka1 {[%clk 01:14:33]} {[%emt 00:00:29]} Qc1# {[%clk 01:03:08]} {[%emt
00:00:05]} 0-1

[Event "DEM U10w 2022"]
[Site "Willingen GER"]
[Date "2022.06.06"]
[Round "4"]
[White "Döscher, Nayla"]
[Black "Malagatte, Samiksha"]
[Result "0-1"]
[Termination "normal"]
[Board "13"]
[WhiteElo "908"]
[BlackElo "1056"]
[PlyCount "120"]
[WhiteFideId "34625046"]
[BlackFideId "34633790"]
[EventCountry "GER"]
[EventRounds "11"]
[EventType "swiss"]
[EventDate "2022.06.04"]

1. e4 e5 2. Nc3 Nf6 3. Nf3 Nc6 4. Bb5 a6 5. Ba4 Be7 6. O-O b5 7. Bb3 O-O 8. d3
d6 9. Be3 Na5 10. h3 Nxb3 11. axb3 h6 12. Nxb5 Bxh3 13. gxh3 axb5 14. Rxa8 Qxa8
15. Nd2 d5 16. exd5 Qxd5 17. c4 bxc4 18. bxc4 Qb7 19. Re1 Qxb2 20. Qf3 Qa3 21.
Qg2 Qxd3 22. Bxh6 Qg6 23. Bg5 Bd6 24. h4 Nh5 25. Re4 f6 26. Be3 Qxg2+ 27. Kxg2
f5 28. c5 fxe4 29. cxd6 cxd6 30. Nxe4 Nf4+ 31. Bxf4 Rxf4 32. Nxd6 Rxh4 33. Nf5
Rg4+ 34. Kf1 Rg6 35. Ne7+ Kf7 36. Nxg6 Kxg6 37. Ke2 Kf5 38. Ke3 e4 39. f3 exf3
40. Kxf3 g5 41. Kg3 g4 42. Kh2 Kf4 43. Kg2 g3 44. Kh1 Kf3 45. Kg1 Kg4 46. Kg2
Kh4 47. Kh1 Kh3 48. Kg1 g2 49. Kf2 Kh2 50. Kf3 g1=Q 51. Ke4 Qc5 52. Kd3 Qb4 53.
Ke3 Qc4 54. Kf3 Qd4 55. Ke2 Qc3 56. Kf2 Qd3 57. Ke1 Qc2 58. Kf1 Kg3 59. Ke1 Kf3
60. Kf1 Qf2# 0-1

[Event "DEM U10w 2022"]
[Site "Willingen GER"]
[Date "2022.06.06"]
[Round "4"]
[White "Subocz, Barbara"]
[Black "Lola, Georgia-Maria"]
[Result "0-1"]
[Termination "normal"]
[Board "14"]
[WhiteElo "902"]
[BlackElo "1016"]
[PlyCount "72"]
[WhiteFideId "41805658"]
[BlackFideId "34629335"]
[EventCountry "GER"]
[EventRounds "11"]
[EventType "swiss"]
[EventDate "2022.06.04"]

1. e4 e5 2. Nf3 Nc6 3. Bc4 Nf6 4. Ng5 d5 5. exd5 Na5 6. d3 Nxc4 7. dxc4 Bf5 8.
Nc3 Bb4 9. Bd2 h6 10. Nf3 Bg4 11. O-O O-O 12. Re1 Bxc3 13. Bxc3 Re8 14. Bxe5
Nd7 15. Qd3 Bxf3 16. Bxc7 Rxe1+ 17. Rxe1 Qxc7 18. Qxf3 Qxc4 19. d6 Qc6 20. Qd3
Nc5 21. Qd2 Re8 22. Rd1 Rd8 23. b4 Ne4 24. b5 Qxd6 25. Qd3 Qxd3 26. cxd3 Kh7
27. f3 Nc3 28. Rd2 Nxb5 29. Kf2 Kg6 30. Ke3 Re8+ 31. Kf2 Kf5 32. Kg3 Nd4 33. a4
Ne2+ 34. Kh4 g5+ 35. Kh5 Re6 36. h4 Nf4# 0-1

[Event "DEM U10w 2022"]
[Site "Willingen GER"]
[Date "2022.06.06"]
[Round "4"]
[White "Kühn, Nicole"]
[Black "Beimler, Annemarie"]
[Result "0-1"]
[Termination "normal"]
[Board "15"]
[WhiteElo "870"]
[BlackElo "954"]
[PlyCount "84"]
[WhiteFideId "34610510"]
[EventCountry "GER"]
[EventRounds "11"]
[EventType "swiss"]
[EventDate "2022.06.04"]

1. e4 e5 2. Nf3 Nc6 3. Bc4 d6 4. c3 Be7 5. d3 Bg4 6. h3 Bh5 7. Be3 Qd7 8. Nbd2
Nf6 9. Qc2 O-O-O 10. O-O-O d5 11. exd5 Nxd5 12. g4 Bg6 13. Bb3 Kb8 14. Ba4 f6
15. g5 Bf7 16. gxf6 gxf6 17. d4 Nxe3 18. fxe3 exd4 19. Nxd4 Nxd4 20. Ne4 Qf5
21. Rxd4 Bxa2 22. b3 Rxd4 23. exd4 Ba3+ 24. Kd2 Qf4+ 25. Ke2 Rg8 26. Rf1 Rg2+
27. Rf2 Rxf2+ 28. Nxf2 Bc1 29. Qd3 h5 30. Qf3 Qxf3+ 31. Kxf3 f5 32. Ke2 f4 33.
Nd3 Be3 34. Kf3 Bd2 35. Nxf4 h4 36. Ng6 Bxc3 37. Kg4 Bxd4 38. Kxh4 c5 39. Kg5
a6 40. Ne7 Be3+ 41. Kf5 b5 42. Ke4 Bg5 0-1

[Event "DEM U10w 2022"]
[Site "Willingen GER"]
[Date "2022.06.06"]
[Round "4"]
[White "Jiang, Lucia"]
[Black "Nguyen, Minh Anh"]
[Result "1/2-1/2"]
[Termination "normal"]
[Board "17"]
[WhiteElo "919"]
[BlackElo "774"]
[PlyCount "247"]
[EventCountry "GER"]
[EventRounds "11"]
[EventType "swiss"]
[EventDate "2022.06.04"]

1. e4 d6 2. d4 Nf6 3. Nc3 g6 4. Be3 Bg7 5. f3 O-O 6. Bd3 e5 7. Nge2 Bd7 8. O-O
Nc6 9. d5 Ne7 10. Qd2 c5 11. a4 a5 12. b3 b6 13. Rfe1 Re8 14. Bf2 Rb8 15. Bb5
Bxb5 16. axb5 Nc8 17. Bh4 Qd7 18. Qd3 Na7 19. Bxf6 Bxf6 20. Rad1 Red8 21. Rf1
Rbc8 22. h3 Bg7 23. Ra1 Ra8 24. Rfd1 Bf6 25. Nb1 Qxb5 26. c4 Qd7 27. Nbc3 Nc8
28. Rf1 Rf8 29. Rad1 Ne7 30. Qe3 Rad8 31. Rd2 Bg7 32. Rfd1 Rfe8 33. Qg5 f6 34.
Qg3 Rf8 35. Rd3 Rfe8 36. Qf2 Rf8 37. Ra1 Ra8 38. Na4 Rab8 39. Qe1 Qd8 40. Qc3
Nc8 41. Nb2 Na7 42. Rdd1 Re8 43. Nd3 Rf8 44. Rf1 Ra8 45. Rac1 Rc8 46. Rfd1 Qd7
47. Qd2 Rfd8 48. Nf2 Rb8 49. Ng4 Qf7 50. Qe1 Rbc8 51. Qg3 Rf8 52. Rf1 Rcd8 53.
Rf2 Rd7 54. Rcf1 f5 55. Ne3 f4 56. Qg5 fxe3 57. Qxe3 Rfd8 58. Rd1 Qf8 59. Qd3
Bh6 60. Nc3 Bf4 61. Re2 Qh6 62. Kf1 g5 63. Rb1 Qh4 64. Rf2 Bg3 65. Rc2 g4 66.
hxg4 Qh1+ 67. Ke2 Qxg2+ 68. Kd1 Qg1+ 69. Ke2 Qf2+ 70. Kd1 Qd4 71. Rd2 Qxd3 72.
Rxd3 Rf7 73. Ke2 Rdf8 74. Rf1 Ra8 75. Rg1 Bf4 76. Nd1 Nc8 77. Nf2 a4 78. bxa4
Rxa4 79. Rc3 Ra2+ 80. Kf1 Ra1+ 81. Kg2 Rxg1+ 82. Kxg1 Rb7 83. Nd3 Be3+ 84. Kf1
b5 85. cxb5 Rxb5 86. Ke2 Bd4 87. Ra3 c4 88. Ne1 c3 89. Ra8 Rc5 90. Ra2 Nb6 91.
Rc2 Rb5 92. Rc1 Kf7 93. Kd3 Kf6 94. Nc2 Kg5 95. Nxd4 exd4 96. Kxd4 Kf4 97. Rxc3
Na4 98. Ra3 Rb4+ 99. Kd3 Kxf3 100. g5 Rxe4 101. Kc2+ Kf4 102. Kb3 Nc5+ 103. Kc2
Kxg5 104. Rg3+ Rg4 105. Re3 h5 106. Re1 h4 107. Rh1 Nd7 108. Kb3 Ne5 109. Kb2
Nc4+ 110. Kc2 Ne3+ 111. Kd2 Nxd5 112. Ke2 Nf4+ 113. Kf2 d5 114. Rc1 h3 115. Rh1
Rh4 116. Kg1 Kh5 117. Rh2 d4 118. Kf2 d3 119. Kg3 d2 120. Rxd2 Rg4+ 121. Kf3
Rg2 122. Rxg2 hxg2 123. Kf2 g1=Q+ 124. Kxg1 1/2-1/2

[Event "DEM U10w 2022"]
[Site "Willingen GER"]
[Date "2022.06.06"]
[Round "4"]
[White "Reetz, Shaila"]
[Black "Rutschmann, Polly"]
[Result "0-1"]
[Termination "normal"]
[Board "19"]
[WhiteElo "1112"]
[BlackElo "903"]
[PlyCount "106"]
[WhiteFideId "34630317"]
[BlackFideId "34621261"]
[EventCountry "GER"]
[EventRounds "11"]
[EventType "swiss"]
[EventDate "2022.06.04"]

1. e4 e5 2. Nf3 Nc6 3. Nc3 Bc5 4. Bc4 Nf6 5. O-O d6 6. h3 Be6 7. Bb3 Qd7 8. Ng5
O-O-O 9. Nxe6 fxe6 10. d3 Rdg8 11. Be3 Bb6 12. Bxb6 cxb6 13. Re1 d5 14. exd5
exd5 15. Nxd5 Nxd5 16. Bxd5 Qxd5 17. Qg4+ Kb8 18. Rad1 h5 19. Qf5 g6 20. Qg5
Qxa2 21. d4 exd4 22. Qf6 Qxb2 23. Qd6+ Kc8 24. Re2 Rd8 25. Qxg6 Rdg8 26. Qf5+
Kb8 27. Qd3 Re8 28. Qg3+ Kc8 29. Rdd2 Rxe2 30. Rxe2 Nb4 31. Re7 Qxc2 32. Qc7+
Qxc7 33. Rxc7+ Kxc7 34. g4 hxg4 35. hxg4 d3 36. Kf1 Re8 37. f3 d2 38. f4 d1=Q+
39. Kf2 Qe2+ 40. Kg3 Rg8 41. g5 Qd3+ 42. Kg4 Rh8 43. g6 Qh3+ 44. Kg5 Rf8 45. g7
Rg8 46. Kg6 Qg3+ 47. Kf5 Rxg7 48. Ke4 Qe1+ 49. Kf5 Rf7+ 50. Kg5 Qg1+ 51. Kh6
Rxf4 52. Kh5 Rf2 53. Kh4 Rh2# 0-1

[Event "DEM U10w 2022"]
[Site "Willingen GER"]
[Date "2022.06.07"]
[Round "5"]
[White "Ramakrishnan, Veda"]
[Black "Kovalskyy, Alicia"]
[Result "1-0"]
[Termination "normal"]
[Board "1"]
[WhiteElo "1191"]
[BlackElo "1499"]
[WhiteClock "00:18:35"]
[BlackClock "00:14:16"]
[PlyCount "129"]
[WhiteFideId "16269519"]
[BlackFideId "34612130"]
[EventCountry "GER"]
[EventRounds "11"]
[EventType "swiss"]
[EventDate "2022.06.04"]

1. e4 {[%clk 01:15:59]} e5 {[%clk 01:15:52]} {[%emt 00:00:08]} 2. Nf3 {[%clk
01:16:24]} {[%emt 00:00:06]} Nc6 {[%clk 01:16:16]} {[%emt 00:00:06]} 3. Bc4
{[%clk 01:16:48]} {[%emt 00:00:06]} Bc5 {[%clk 01:16:36]} {[%emt 00:00:10]} 4.
c3 {[%clk 01:17:10]} {[%emt 00:00:08]} Nf6 {[%clk 01:16:59]} {[%emt 00:00:07]}
5. d4 {[%clk 01:17:31]} {[%emt 00:00:08]} exd4 {[%clk 01:17:23]} {[%emt
00:00:07]} 6. cxd4 {[%clk 01:17:52]} {[%emt 00:00:08]} Bb4+ {[%clk 01:17:33]}
{[%emt 00:00:21]} 7. Nc3 {[%clk 01:18:13]} {[%emt 00:00:09]} Bxc3+ {[%clk
01:15:18]} {[%emt 00:02:45]} 8. bxc3 {[%clk 01:18:14]} {[%emt 00:00:29]} Nxe4
{[%clk 01:14:45]} {[%emt 00:01:03]} 9. O-O {[%clk 01:15:04]} {[%emt 00:03:40]}
d5 {[%clk 01:14:23]} {[%emt 00:00:52]} 10. Re1 {[%clk 01:00:23]} {[%emt
00:15:10]} O-O {[%clk 01:12:15]} {[%emt 00:02:38]} 11. Bd3 {[%clk 00:54:18]}
{[%emt 00:06:36]} Nf6 {[%clk 01:00:18]} {[%emt 00:12:27]} 12. Bg5 {[%clk
00:50:02]} {[%emt 00:04:46]} Bg4 {[%clk 00:56:18]} {[%emt 00:04:28]} 13. Re3
{[%clk 00:47:09]} {[%emt 00:03:24]} Qd6 {[%clk 00:53:32]} {[%emt 00:03:14]} 14.
Qc2 {[%clk 00:43:51]} {[%emt 00:03:51]} h6 {[%clk 00:51:29]} {[%emt 00:02:33]}
15. Bh4 {[%clk 00:42:50]} {[%emt 00:01:31]} Rae8 {[%clk 00:40:59]} {[%emt
00:10:56]} 16. Bg3 {[%clk 00:34:31]} {[%emt 00:08:52]} Qd8 {[%clk 00:40:05]}
{[%emt 00:01:23]} 17. Ne5 {[%clk 00:33:11]} {[%emt 00:01:51]} Nxe5 {[%emt
00:02:16]} 18. Bxe5 {[%clk 00:32:50]} {[%emt 00:00:34]} Nd7 {[%clk 00:34:57]}
{[%emt 00:04:10]} 19. Bf4 {[%clk 00:29:28]} {[%emt 00:03:50]} Rxe3 {[%clk
00:34:22]} {[%emt 00:01:06]} 20. Bxe3 {[%clk 00:29:41]} {[%emt 00:00:17]} Qe7
{[%clk 00:26:20]} {[%emt 00:08:31]} 21. h3 {[%clk 00:28:55]} {[%emt 00:01:16]}
Be6 {[%clk 00:25:10]} {[%emt 00:01:41]} 22. Rb1 {[%clk 00:27:00]} {[%emt
00:02:26]} b6 {[%clk 00:24:11]} {[%emt 00:01:29]} 23. Qa4 {[%clk 00:24:52]}
{[%emt 00:02:38]} a5 {[%clk 00:23:00]} {[%emt 00:01:41]} 24. c4 {[%clk
00:23:27]} {[%emt 00:01:55]} dxc4 {[%clk 00:22:31]} {[%emt 00:00:58]} 25. Bxc4
{[%clk 00:23:32]} {[%emt 00:00:26]} Bxc4 {[%clk 00:21:41]} {[%emt 00:01:19]}
26. Qxc4 {[%clk 00:23:24]} {[%emt 00:00:38]} Nf6 {[%clk 00:20:50]} {[%emt
00:01:21]} 27. Rc1 {[%clk 00:21:50]} {[%emt 00:02:05]} Rc8 {[%clk 00:20:39]}
{[%emt 00:00:39]} 28. Bf4 {[%clk 00:21:06]} {[%emt 00:01:13]} Qe4 {[%clk
00:15:33]} {[%emt 00:05:34]} 29. Bg3 {[%clk 00:17:54]} {[%emt 00:03:46]} Qd5
{[%clk 00:15:14]} {[%emt 00:00:49]} 30. Kf1 {[%clk 00:16:08]} {[%emt 00:02:17]}
Qxc4+ {[%clk 00:15:16]} {[%emt 00:00:28]} 31. Rxc4 {[%clk 00:16:29]} {[%emt
00:00:08]} c6 {[%clk 00:15:38]} {[%emt 00:00:09]} 32. Ke2 {[%clk 00:16:23]}
{[%emt 00:00:36]} b5 {[%clk 00:15:19]} {[%emt 00:00:49]} 33. Rc3 {[%clk
00:16:23]} {[%emt 00:00:30]} Nd5 {[%emt 00:00:40]} 34. Rc5 {[%clk 00:16:20]}
{[%emt 00:00:10]} Nb4 {[%clk 00:15:20]} {[%emt 00:00:42]} 35. a4 {[%clk
00:16:01]} {[%emt 00:00:49]} Re8+ {[%clk 00:13:42]} {[%emt 00:02:08]} 36. Kd2
{[%clk 00:15:58]} {[%emt 00:00:33]} Rd8 {[%clk 00:12:20]} {[%emt 00:01:51]} 37.
axb5 {[%clk 00:14:52]} {[%emt 00:01:36]} Rxd4+ {[%clk 00:12:40]} {[%emt
00:00:11]} 38. Kc3 {[%clk 00:15:02]} {[%emt 00:00:16]} Rd3+ {[%clk 00:12:51]}
{[%emt 00:00:23]} 39. Kb2 {[%clk 00:15:19]} {[%emt 00:00:13]} Rxg3 {[%clk
00:12:19]} {[%emt 00:01:02]} 40. fxg3 {[%clk 00:15:36]} {[%emt 00:00:12]} Nd3+
{[%clk 00:12:42]} {[%emt 00:00:08]} 41. Ka3 {[%clk 00:15:52]} {[%emt 00:00:14]}
Nxc5 {[%clk 00:13:05]} {[%emt 00:00:07]} 42. bxc6 {[%clk 00:16:03]} {[%emt
00:00:18]} Ne6 {[%clk 00:13:24]} {[%emt 00:00:12]} 43. Ka4 {[%clk 00:16:25]}
{[%emt 00:00:08]} g5 {[%clk 00:13:39]} {[%emt 00:00:15]} 44. Kxa5 {[%clk
00:16:50]} {[%emt 00:00:05]} Kg7 {[%clk 00:13:54]} {[%emt 00:00:14]} 45. Kb6
{[%clk 00:17:16]} {[%emt 00:00:04]} Kf6 {[%clk 00:13:54]} {[%emt 00:00:30]} 46.
c7 {[%clk 00:17:40]} {[%emt 00:00:07]} Nxc7 {[%clk 00:14:18]} {[%emt 00:00:06]}
47. Kxc7 {[%clk 00:18:07]} {[%emt 00:00:03]} h5 {[%clk 00:14:14]} {[%emt
00:00:33]} 48. Kd7 {[%clk 00:18:14]} {[%emt 00:00:24]} Ke5 {[%emt 00:00:22]}
49. Ke7 {[%clk 00:18:35]} {[%emt 00:00:08]} f5 {[%emt 00:00:07]} 50. Kf7 {[%clk
00:18:34]} {[%emt 00:00:30]} g4 {[%clk 00:13:32]} {[%emt 00:01:45]} 51. Kg6
{[%clk 00:17:08]} {[%emt 00:01:56]} gxh3 {[%clk 00:11:30]} {[%emt 00:02:31]}
52. gxh3 {[%clk 00:16:31]} {[%emt 00:01:08]} h4 {[%clk 00:11:13]} {[%emt
00:00:46]} 53. gxh4 {[%clk 00:16:54]} {[%emt 00:00:07]} f4 {[%clk 00:11:41]}
{[%emt 00:00:03]} 54. h5 {[%clk 00:17:18]} {[%emt 00:00:06]} f3 {[%clk
00:12:09]} {[%emt 00:00:02]} 55. h6 {[%clk 00:17:43]} {[%emt 00:00:05]} f2
{[%clk 00:12:31]} {[%emt 00:00:07]} 56. h7 {[%clk 00:18:12]} {[%emt 00:00:01]}
f1=Q {[%clk 00:12:50]} {[%emt 00:00:12]} 57. h8=Q+ {[%clk 00:18:38]} {[%emt
00:00:04]} Kd5 {[%clk 00:12:49]} {[%emt 00:00:31]} 58. Qd8+ {[%clk 00:18:56]}
{[%emt 00:00:09]} Kc5 {[%clk 00:12:56]} {[%emt 00:00:26]} 59. Qc7+ {[%clk
00:17:30]} {[%emt 00:01:56]} Kd5 {[%clk 00:13:08]} {[%emt 00:00:14]} 60. Qf7+
{[%clk 00:17:49]} {[%emt 00:00:14]} Qxf7+ {[%clk 00:13:24]} {[%emt 00:00:15]}
61. Kxf7 {[%clk 00:17:57]} {[%emt 00:00:22]} Ke5 {[%clk 00:13:46]} {[%emt
00:00:08]} 62. Kg6 {[%clk 00:17:34]} {[%emt 00:00:53]} Ke6 {[%clk 00:13:53]}
{[%emt 00:00:23]} 63. h4 {[%clk 00:17:48]} {[%emt 00:00:15]} Ke7 {[%clk
00:14:16]} {[%emt 00:00:08]} 64. Kg7 {[%clk 00:18:12]} {[%emt 00:00:06]} Ke6
{[%emt 00:01:12]} 65. h5 {[%clk 00:18:35]} {[%emt 00:00:06]} 1-0

[Event "DEM U10w 2022"]
[Site "Willingen GER"]
[Date "2022.06.07"]
[Round "5"]
[White "Stiehler, Mara"]
[Black "Yang, Sophie"]
[Result "1-0"]
[Termination "normal"]
[Board "2"]
[WhiteElo "1200"]
[BlackElo "1209"]
[WhiteClock "01:05:01"]
[BlackClock "00:59:19"]
[PlyCount "41"]
[WhiteFideId "34621199"]
[BlackFideId "16279174"]
[EventCountry "GER"]
[EventRounds "11"]
[EventType "swiss"]
[EventDate "2022.06.04"]

1. e4 {[%clk 01:15:58]} {[%emt 00:00:01]} e6 {[%clk 01:15:54]} {[%emt
00:00:07]} 2. d4 {[%clk 01:16:24]} {[%emt 00:00:04]} d5 {[%clk 01:16:21]}
{[%emt 00:00:03]} 3. exd5 {[%clk 01:16:49]} {[%emt 00:00:04]} exd5 {[%emt
00:00:06]} 4. Bd3 {[%clk 01:17:09]} {[%emt 00:00:08]} Nc6 {[%clk 01:16:43]}
{[%emt 00:00:34]} 5. Ne2 {[%clk 01:16:55]} {[%emt 00:00:44]} Nf6 {[%clk
01:16:36]} {[%emt 00:00:38]} 6. Bg5 {[%clk 01:17:07]} {[%emt 00:00:18]} Bb4+
{[%clk 01:16:38]} {[%emt 00:00:25]} 7. c3 {[%clk 01:16:58]} {[%emt 00:00:42]}
Be7 {[%clk 01:16:53]} {[%emt 00:00:14]} 8. Nd2 {[%clk 01:16:48]} {[%emt
00:00:40]} b6 {[%clk 01:15:52]} {[%emt 00:01:32]} 9. O-O {[%clk 01:16:26]}
{[%emt 00:00:51]} O-O {[%clk 01:16:17]} {[%emt 00:00:06]} 10. Bb5 {[%clk
01:15:46]} {[%emt 00:01:10]} Bb7 {[%clk 01:16:33]} {[%emt 00:00:14]} 11. Qa4
{[%clk 01:14:09]} {[%emt 00:02:07]} Qd6 {[%clk 01:14:37]} {[%emt 00:02:25]} 12.
Nf3 {[%clk 01:11:01]} {[%emt 00:03:39]} Ne4 {[%clk 01:14:32]} {[%emt 00:00:35]}
13. Bf4 {[%clk 01:10:47]} {[%emt 00:00:43]} Qd7 {[%clk 01:13:48]} {[%emt
00:01:14]} 14. Ne5 {[%clk 01:10:10]} {[%emt 00:01:07]} Qe6 {[%clk 01:06:03]}
{[%emt 00:08:15]} 15. Nxc6 {[%clk 01:08:30]} {[%emt 00:02:11]} Bxc6 {[%clk
01:06:21]} {[%emt 00:00:13]} 16. Bxc6 {[%clk 01:08:19]} {[%emt 00:00:40]} Rac8
{[%clk 01:06:37]} {[%emt 00:00:11]} 17. Bd7 {[%clk 01:08:23]} {[%emt 00:00:28]}
Qf6 {[%clk 01:05:14]} {[%emt 00:01:53]} 18. Bxc8 {[%clk 01:07:05]} {[%emt
00:01:48]} Rxc8 {[%clk 01:03:23]} {[%emt 00:00:24]} 19. Be5 {[%clk 01:07:32]}
{[%emt 00:02:00]} Qe6 {[%clk 01:00:33]} {[%emt 00:03:20]} 20. Nf4 {[%clk
01:06:06]} {[%emt 00:01:56]} Qf5 {[%clk 00:59:19]} {[%emt 00:01:43]} 21. Nxd5
{[%clk 01:05:01]} {[%emt 00:01:35]} 1-0